Zpěvník církve československé /

Hlavní autor: Trtík, Zdeněk, 1914-1983
Korporativní autor: Blahoslav (nakladatelství)
Další autoři: Šimšík, Ladislav, 1907-1967, Ungermann, Otakar
Jazyk: Čeština
Vydáno: Praha : Ústřední církevní nakladatelství, 1957
Vydání: 1. vyd.
Externí odkaz: Digitalizovaný dokument
Fyzický popis: 660, [3] s. ; 12°
Knihy
Uloženo v:
LEADER 01199nam a22003012a 4500
001 000970250
003 CZ BrMZK
005 20100317165040.0
007 ta
008 091009s1957 xr er|||||||||||cze d
015 |a cnb000439035 
035 |a (OCoLC)85192723 
040 |a ABA001  |b cze  |c KLG001  |d ABA001  |d BOA001 
100 1 |a Trtík, Zdeněk,  |d 1914-1983  |7 jk01140225  |4 com 
245 1 0 |a Zpěvník církve československé /  |c uspořádali Zd. Trtík, O. Ungermann, L. Šimšík ; předmluva: F. Kovář 
250 |a 1. vyd. 
260 |a Praha :  |b Ústřední církevní nakladatelství,  |c 1957 
300 |a 660, [3] s. ;  |c 12° 
550 |a Vydavatel: Blahoslav 
500 |a Dostupné též v digitální podobě v aplikaci Kramerius 
700 1 |a Šimšík, Ladislav,  |d 1907-1967  |7 kpwa4865  |4 com 
700 1 |a Ungermann, Otakar  |7 kpwa4983  |4 com 
710 2 |a Blahoslav (nakladatelství)  |7 ko2004251297 
856 4 1 |u http://www.digitalniknihovna.cz/mzk/uuid/uuid:fb8f3520-5e06-11e6-8336-005056827e52  |y Digitalizovaný dokument  |x NDK 
910 |a BOA001  |b 1-0396.226 
990 |a BK 
991 |b 200910 
996 6 |b 2619419765  |c 1-0396.226  |l MZK  |r Sklad / do 1 hodiny  |n 0  |w 000970250  |u 000010  |a 1  |e BOA001  |j MZK50  |s P